000 01131naa a22003257a 4500
001 BR8400174
003 BR-BrBNA
005 20240918175410.0
007 ta
008 230509b bl.||||| |||| 00| 0 por d
040 _aBR-BrBNA
_bpor
_cBiblioteca Nacional de Agricultura
041 _a(Pt)
072 _aF00
_b0336
_b3575
090 _aF00 BR8400174
100 1 _aRodriguez, O.C.C.
100 1 _aBarros, A.C.S.A.
100 1 _aZonta, E.P.
100 1 _aLabbe, L.M.B.
245 1 _aPredicao do potencial de armazenamento de sementes de soja (Glycine max (L.)Merril)
246 1 _a[Prediction of the storage potential of soybean seeds (Glycine max (L.)Merril)]
246 1 _a[Soybean research findings 1981/82]
260 3 _aPelotas, RS (Brasil):
_c1983.
500 _aResultados de pesquisa de soja 1981/82 Pelotas, RS (Brasil): 1983. p. 206-209 (BR8400174-AM)F00
650 _aSOJA
650 _aSEMENTE
650 _aARMAZENAMENTO
773 0 _tResultados de pesquisa de soja 1981/82
_wF00 BR8400174
_gPelotas, RS (Brasil), 1983. p. 206-209
909 _a202404
_bLucia
_c55
_dLucia Elande
942 _cAM
_2AGRIS
999 _c316508
_d316508